Social psychology / (Record no. 35932)

MARC details
000 -LEADER
fixed length control field 03370nam a2200433 a 4500
005 - DATE AND TIME OF LATEST TRANSACTION
control field 20100511141332.0
008 - FIXED-LENGTH DATA ELEMENTS--GENERAL INFORMATION
fixed length control field 090602s2009 njua 001 0 eng
010 ## - LCCN (DPL NO)
LC control number B-422150-165
020 ## - INTERNATIONAL STANDARD BOOK NUMBER
International Standard Book Number 9788131728192
Terms of availability 450.00
035 ## - SYSTEM CONTROL NUMBER
System control number B-422150-165
037 ## - SOURCE OF ACQUISITION
Source of stock number/acquisition UBH/ VEN
040 ## - CATALOGING SOURCE
Original cataloging agency dpl
Language of cataloging English
082 ## - DEWEY DECIMAL CLASSIFICATION NUMBER
Classification number 302
245 ## - TITLE STATEMENT
Title Social psychology /
Statement of responsibility, etc by Robert A. Baron...[et al]
250 ## - EDITION STATEMENT
Edition statement 12th ed.
260 ## - PUBLICATION, DISTRIBUTION, ETC. (IMPRINT)
Place of publication, distribution, etc New Delhi
Name of publisher, distributor, etc Pearson Education
Date of publication, distribution, etc 2010
270 ## - ADDRESS
Address 14, Local Shopping Centre, Panchsheel Park
City New Delhi
Postal code 110017
300 ## - PHYSICAL DESCRIPTION
Extent xix, 520 p. :
Other physical details ill.
Dimensions 26cm(pbk)
500 ## - GENERAL NOTE
General note Includes references
700 ## - ADDED ENTRY--PERSONAL NAME
Personal name Baron, Robert A.
9 (RLIN) 26419
942 ## - ADDED ENTRY ELEMENTS (KOHA)
Source of classification or shelving scheme Dewey Decimal Classification
Item type English Books
Call number suffix BAR
Classification part 302
Holdings
Withdrawn status Lost status Source of classification or shelving scheme Damaged status Not for loan Collection code Home library Current library Date acquired Source of acquisition Cost, normal purchase price Total Checkouts Total Renewals Full call number Barcode Date last seen Copy number Cost, replacement price Koha item type
    Dewey Decimal Classification     Non-fiction Andrews Gunj Andrews Gunj 07/03/2011 UBH/089/20.8.10/64/1.7.10/3.01.2011 450.00     302 BAR B-422161 07/03/2011 1 450.00 English Books
    Dewey Decimal Classification     Non-fiction Central Library Central Library 07/03/2011 UBH/089/20.8.10/64/1.7.10/3.01.2011 450.00 4 1 302 BAR B-422150 19/04/2025 1 450.00 English Books
    Dewey Decimal Classification     Non-fiction Janak Puri Janak Puri 07/03/2011 UBH/089/20.8.10/64/1.7.10/3.01.2011 450.00 29 14 302 BAR B-422157 26/09/2019 2 450.00 English Books
    Dewey Decimal Classification     Non-fiction Janak Puri Janak Puri 07/03/2011 UBH/089/20.8.10/64/1.7.10/3.01.2011 450.00 17 8 302 BAR B-422158 07/02/2020 2 450.00 English Books
    Dewey Decimal Classification     Non-fiction Karol Bagh Karol Bagh 07/03/2011 UBH/089/20.8.10/64/1.7.10/3.01.2011 450.00     302 BAR B-422164 07/03/2011 1 450.00 English Books
    Dewey Decimal Classification     Non-fiction Mobile Library Mobile Library 07/03/2011 UBH/089/20.8.10/64/1.7.10/3.01.2011 450.00     302 BAR B-422151 07/03/2011 4 450.00 English Books
    Dewey Decimal Classification     Non-fiction Mobile Library Mobile Library 07/03/2011 UBH/089/20.8.10/64/1.7.10/3.01.2011 450.00     302 BAR B-422152 07/03/2011 4 450.00 English Books
    Dewey Decimal Classification     Non-fiction Mobile Library Mobile Library 07/03/2011 UBH/089/20.8.10/64/1.7.10/3.01.2011 450.00     302 BAR B-422153 07/03/2011 4 450.00 English Books
    Dewey Decimal Classification     Non-fiction Mobile Library Mobile Library 07/03/2011 UBH/089/20.8.10/64/1.7.10/3.01.2011 450.00     302 BAR B-422154 07/03/2011 4 450.00 English Books
    Dewey Decimal Classification     Non-fiction New Police Line New Police Line 07/03/2011 UBH/089/20.8.10/64/1.7.10/3.01.2011 450.00     302 BAR B-422155 07/03/2011 1 450.00 English Books
  Written-off vide DLB M. No. 383 dt 16.05.19 Dewey Decimal Classification     Non-fiction Patel Nagar Patel Nagar 07/03/2011 UBH/089/20.8.10/64/1.7.10/3.01.2011 450.00     302 BAR B-422156 07/03/2011 1 450.00 English Books
    Dewey Decimal Classification     Non-fiction R.K.Puram-8 R.K.Puram-8 07/03/2011 UBH/089/20.8.10/64/1.7.10/3.01.2011 450.00     302 BAR B-422160 07/03/2011 1 450.00 English Books
    Dewey Decimal Classification     Non-fiction Sarojini Nagar Sarojini Nagar 07/03/2011 UBH/089/20.8.10/64/1.7.10/3.01.2011 450.00     302 BAR B-422159 07/03/2011 1 450.00 English Books
    Dewey Decimal Classification     Non-fiction Shahdara Branch Shahdara Branch 07/03/2011 UBH/089/20.8.10/64/1.7.10/3.01.2011 450.00 1   302 BAR B-422165 23/06/2018 1 450.00 English Books
    Dewey Decimal Classification     Non-fiction Sriniwas Puri Sriniwas Puri 07/03/2011 UBH/089/20.8.10/64/1.7.10/3.01.2011 450.00 2   302 BAR B-422162 07/08/2023 1 450.00 English Books
    Dewey Decimal Classification     Non-fiction Vinoba Puri Vinoba Puri 07/03/2011 UBH/089/20.8.10/64/1.7.10/3.01.2011 450.00 10 1 302 BAR B-422163 20/01/2022 1 450.00 English Books

© Delhi Public Library
Hit Counter
free hit counter